| 000 | 00544nam a22001577a 4500 | ||
|---|---|---|---|
| 999 |
_c535856 _d535856 |
||
| 020 | _qHard Cover. | ||
| 082 | _a617.6 | ||
| 100 | _aAsghar, Mehmood | ||
| 245 |
_aEffect of Glass Fiber Reinforcement on Physico-Mechanical Properties of Acrylic Denture Base Resins _cMehmood Asghar. |
||
| 260 |
_aIslamabad : _bAMC - NUST, _c2016. |
||
| 300 |
_axvii, 119 p. : ill. ; _c30cm. |
||
| 942 |
_2ddc _cTHE |
||
| 650 |
_aDental Material M Phil.- Thesis. _930748 |
||
| 700 |
_aShahab Ud Din _924456 |
||